000 00711nam a2200193 a 4500
005 20210219154651.0
008 031010s1956 mx r 000 0 spa d
035 _aUPN01000129931
049 _aCG
050 4 _aTN630
_bI5.7 v.2
245 0 3 _aLa industria siderúrgica en México /
_cFernando González ... [et al.].
260 _aMéxico :
_bCámara Nacional de la Industria de la Transformación,
_c1956.
300 _a2 v.
440 0 _aTemas económicos y políticos contemporáneos de México
505 8 _aContenido:
_gv.1.
_tEl carbón mineral en México --
_gv.2.
_tNotas para una planeación
650 4 _aINDUSTRIA METALURGICA -
_zMEXICO
700 1 _aGonzález, Fernando,
_ecoaut.
905 _aLibro
999 _c102088
_d102088